00991nam a2200217 a 450000100100000000500170001000800410002702000180006804000250008608200110011111000520012224500480017426000590022230000200028150000810030159000260038295201090040895201240051795201150064199900170075600004871720240307073942.0190410s2016 dr 000 0 spa d a9789945472714 aDO-SdBNPbspacBNPHU axxbxx2 aInstituto Tecnológico de Santo Domingo97891110aReglamento interno de la Junta de Regentes. aSanto Domingo, República Dominicana :bINTEC,c2016. a27 p. ;c21 cm. aAprobado por la Junta de Regentes 28 de abril de 2016: resolución JR/15/16 aInventariado, 2019/VM 0010718PDaPDbPDcHDd2019-04-10iLF1l0oxx xxp48717-10r2020-06-25w2020-06-25yLFPDZNo se presta 001054708DSaGRbGRcHDd2019-04-10iLF2l0oxx xxp48717-30r2020-06-25te. 3w2020-06-25yLFDSZPréstamo en sala 0010718PDaPDbPDcHDd2019-04-10iLF2l0oxx xxp48717-20r2020-06-25te. 2w2020-06-25yLFPDZNo se presta c48205d48205